logo

Bir Sreshtho Munshi Abdur Rouf Library
Jhenaidah Cadet College

Real Writing with amswers / (Record no. 586)

MARC details
000 -LEADER
fixed length control field 00629nam a2200229 a 4500
001 - CONTROL NUMBER
JCCL Control Number 586
003 - CONTROL NUMBER IDENTIFIER
JCCL marc code BD-JhCC
005 - DATE AND TIME OF LATEST TRANSACTION
control field 20200224134007.0
008 - FIXED-LENGTH DATA ELEMENTS--GENERAL INFORMATION
fixed length control field 171007s20082010ii a|||| || | 000 0 eng d
020 ## - INTERNATIONAL STANDARD BOOK NUMBER
International Standard Book Number 9780521152051
035 ## - SYSTEM CONTROL NUMBER
system control number (BD-JhCC)586
040 ## - CATALOGING SOURCE
Original cataloging agency BD-JhCC
Modifying agency BD-JhCC
041 ## - LANGUAGE CODE
Language code of Book eng
082 ## - DEWEY DECIMAL CLASSIFICATION NUMBER
DDC Edition number 22
Classification number 428.24
Author mark and Year PAL 2010
100 ## - MAIN ENTRY--PERSONAL NAME
Personal name Palmer, Graham
245 ## - TITLE STATEMENT
Title Real Writing with amswers /
Statement of responsibility, etc Graham Palmer
260 ## - PUBLICATION, DISTRIBUTION, ETC. (IMPRINT)
Place of publication, distribution, etc New Delhi:
Name of publisher, distributor, etc Cambridge University Press India Pvt. Ltd.
Date of publication, distribution, etc 2010
300 ## - PHYSICAL DESCRIPTION
Pagination 111 p.;
Other physical details ii
Dimensions 26cm.
650 ## - SUBJECT ADDED ENTRY--TOPICAL TERM
Topical term or geographic name as entry element English Language- Composition & Exercises
942 ## - ADDED ENTRY ELEMENTS (KOHA)
Source of classification or shelving scheme Dewey Decimal Classification
Koha item type Books
Koha issues (borrowed), all copies 2
Holdings
Source of classification or shelving scheme Damaged status Not for loan Home library Current library Shelving location Date of accession Total Checkouts Full call number Barcode Date last seen Date checked out Copy number Koha item type
Dewey Decimal Classification     JCC Rouf Library JCC Rouf Library General Stacks 10/07/2017 1 428.24 PAL 2010 1111 03/18/2020 02/23/2020 C-1 Books

JCC Library | Contacts | JCC Home

Last Update on 23 September 2017
Copyright @ 2017-2020 JCC Rouf Library
Rouf Library, Jhenidah Cadet College (JCC), Bangladesh